|
|
|
|
| LEADER |
00000cam a2200000 a 4500 |
| 001 |
vtls001122132 |
| 003 |
SK-MaSNL |
| 005 |
20260301111610.0 |
| 008 |
260209s1987 xo rh 0000fbhun |
| 015 |
|
|
|a SNBA1987
|
| 035 |
|
|
|a SNK000064975
|
| 035 |
|
|
|a urn:nbn:sk:snk-amjbdi
|
| 035 |
|
|
|a urn:nbn:sk:snk-am002j4m
|
| 035 |
|
|
|a DF03FBA5-DD59-4FDB-97D1-BAC2EF9B32F6
|
| 040 |
|
|
|a SNK
|b slo
|c SNK
|e AACR2
|
| 041 |
1 |
|
|a hun
|h cze
|
| 044 |
|
|
|a xo
|c SK
|
| 080 |
|
|
|a 885.0-3=945.11
|2 1981
|
| 080 |
|
|
|a 929 Campanus Vodňanský, Ján
|2 1981
|
| 100 |
1 |
|
|a Winter, Zikmund,
|d 1846-1912
|4 aut
|9 199139
|
| 240 |
1 |
0 |
|a Mistr Kampanus
|l Maďarsky
|
| 245 |
1 |
0 |
|a Kampanus magiszter
|c Zikmund Winter ; [A mű eredeti (cseh) címe ... fordította] Anna P. Olexo
|
| 250 |
|
|
|a 1. magyar nyelvű kiad.
|
| 260 |
|
|
|a Bratislava
|b Madách
|c 1987
|e Martin
|f Tlačiarne SNP
|
| 300 |
|
|
|a 400 s.
|c 21 cm
|
| 366 |
|
|
|e 2400 výt.
|
| 500 |
|
|
|a 1500 výtl. pre Európa Könyvkiadó, Budapest.
|
| 600 |
1 |
7 |
|a Campanus Vodňanský, Ján
|2 SNKMA
|9 451082
|
| 650 |
0 |
7 |
|a česká próza
|2 SNKPH
|9 1179
|
| 655 |
|
7 |
|a biografické romány
|2 SNKPH
|9 1532
|
| 655 |
|
7 |
|a historické romány
|2 SNKPH
|9 70253
|
| 700 |
1 |
|
|a Olexo, Anna P.,
|d 1939-
|4 trl
|9 221188
|
| 852 |
|
|
|a Slovenská národná knižnica
|
| 954 |
|
|
|a beletria cudzojazyčná (svetová)
|2 lita
|
| 958 |
|
|
|a EUIPO
|
| 958 |
|
|
|a OND
|
| 958 |
|
|
|a UP
|
| 958 |
|
|
|a TL
|
| 958 |
|
|
|a BX
|
| 958 |
|
|
|a LX
|
| 968 |
|
|
|a MAG
|b ČES
|
| 999 |
|
|
|c 707608
|d 709538
|
| 952 |
|
|
|a SNK
|b SNK
|y VYP
|7 0
|p 17A1138345
|o snkSC 72064 D1
|i snkKSP 6283/88
|0 0
|1 0
|4 0
|d 2015-03-06
|f 1
|l 0
|r 2026-02-23 21:22:04
|w 2026-02-23
|